|
|
|
|
| LEADER |
00000cam a2200000 i 4500 |
| 001 |
1/49084 |
| 008 |
140610s2011 gr | ||| |||| ||gre|| |
| 020 |
|
|
|a 9789609489034
|
| 035 |
|
|
|l 10117935
|
| 040 |
|
|
|a GR-MyUa
|b gre
|e AACR2
|
| 041 |
0 |
|
|a gre
|
| 082 |
7 |
|
|a 709.04
|2 (23)
|
| 100 |
1 |
|
|a Μάρας, Κώστας.
|
| 245 |
1 |
2 |
|a Ο φετιχισμός στην τέχνη του 20ου αιώνα /
|c Κώστας Μάρας.
|
| 246 |
1 |
|
|i Τίτλος εξωφύλλου:
|a Ο φετιχισμός στην τέχνη του εικοστού αιώνα
|
| 260 |
|
|
|a Αθήνα :
|b Futura,
|c c2011.
|
| 300 |
|
|
|a 286 σ. :
|b εικ. ;
|c 24 εκ.
|
| 500 |
|
|
|a Το παρόν βιβλίο αποτελεί την απόδοση στα ελληνικά της διδακτορικής διατριβής του συγγραφέα στο Ινστιτούτο Ιστορίας της Τέχνης στο Πανεπιστήμιο του Tubingen.
|
| 504 |
|
|
|a Περιλαμβάνει βιβλιογραφίες.
|
| 650 |
|
0 |
|a Fetishism in art.
|
| 650 |
|
0 |
|a Art, Modern
|y 20th century.
|
| 852 |
|
|
|a INST
|b SYROS
|c EUDOXUS
|e 20140610
|h 709.04 ΜΑΡ
|p 005500011471
|q 005500011471
|t EDX
|y 0
|
| 901 |
|
|
|a BIBL5-2014-1
|
| 920 |
|
|
|a Εύδοξος
|b Παραγγελία
|y Σύρος-ΤΜΣΠΣ
|z 2014-05
|
| 970 |
|
|
|a Κοντού
|b Παρασκευή
|z 2014/06/10
|